| 000 | 00398nam a22001457a 4500 | ||
|---|---|---|---|
| 003 | OSt | ||
| 005 | 20160727222339.0 | ||
| 008 | 160618b xxu||||| |||| 00| 0 eng d | ||
| 040 | _cTEST | ||
| 100 |
_939 _aSeuss |
||
| 245 |
_aThe Cat in the Mat _bThe Cat in the Mat: For Beginning Readers |
||
| 260 |
_aN.Y _bHoughton Mifflin _c1997 |
||
| 300 | _aThe Cat in the Mat: For Beginning Readers | ||
| 942 |
_2ddc _cBK |
||
| 999 |
_c32 _d32 |
||